Vista normal
Vista MARC
Entrada Término de materia
Número de registros utilizados en: 1
001 - NÚMERO DE CONTROL
- Campo de control: 39243
003 - IDENTIFICADOR DE NÚMERO DE CONTROL
- Campo de control: ES-MaCES
005 - FECHA Y HORA DE LA ULTIMA MODIFICACION
- Campo de control: 20180828120033.0
008 - ELEMENTOS DE DATOS DE LONGITUD FIJA
- Campo de longitud fija: 180828|| azz||babn | a|a d
040 ## - FUENTE DE LA CATALOGACIÓN
- Agencia original de catalogación: ES-MaCES
150 #4 - ENCABEZAMIENTO--MATERIA
- Término de materia o geográfico como elemento de entrada: 2016-2070
670 ## - FUENTE DE DATOS ENCONTRADOS
- Fuente de citación: CD del CES

